El paraíso perdido / (Record no. 159699)

MARC details
000 -LEADER
campo de control de longitud fija 01689nam a22002655i 4500
001 - NÚMERO DE CONTROL
campo de control 159699
003 - IDENTIFICADOR DE NÚMERO DE CONTROL
campo de control ES-MaACL
005 - FECHA Y HORA DE LA ÚLTIMA TRANSACCIÓN
campo de control 20250807123459.0
008 - DATOS DE LONGITUD FIJA--INFORMACIÓN GENERAL
campo de control de longitud fija 981110q1862 sp |||| | spa d
100 1# - ENTRADA PRINCIPAL--NOMBRE DE PERSONA
Nombre de persona Milton, John (
Fechas asociadas al nombre 1608-1674)
9 (RLIN) 81300
240 10 - TÍTULO UNIFORME
Título uniforme Paradise lost.
Lenguaje de la obra Español
245 13 - MENCIÓN DEL TÍTULO
Título El paraíso perdido /
Mención de responsabilidad, etc. Milton ; traducción en verso por J. de Escoiquiz ; precedida de una sucinta biografía de Milton por Lamartine y de un estudio histórico y literario acerca del mismo por Chateaubriand ; traducidos aquélla y éste por Juan Cortada ; adornan esta obra 24 láminas magníficas, y de un mérito indisputable, grabadas en acero por grandes artistas.
260 ## - PUBLICACIÓN, DISTRIBUCIÓN, ETC.
Lugar de publicación, distribución, etc. Barcelona :
Nombre del editor, distribuidor, etc. Librería de José Ribet ;
Lugar de publicación, distribución, etc. París :
Nombre del editor, distribuidor, etc. Casa los SS. Rosa y Bouret ;
Lugar de publicación, distribución, etc. Madrid :
Nombre del editor, distribuidor, etc. Librería de Emilio Font,
Fecha de publicación, distribución, etc. [ca. 1862]
300 ## - DESCRIPCIÓN FÍSICA
Extensión IV, 223, XXVI, [1] p., 24 h. de lám. ;
Dimensiones 57 cm.
510 4# - NOTA DE CITAS O REFERENCIAS BIBLIOGRÁFICAS
Nombre de la fuente Palau, IX, 169334 da como fecha probable para esta ed. ca. 1862.
597 ## - NOTA DE DESCRIPCIÓN FÍSICA
NOTA DE DESCRIPCIÓN FÍSICA Texto a dos col.
599 ## - NOTA A LAS ILUSTRACIONES
NOTA A LAS ILUSTRACIONES Lám.: grab. calc. "Flatters pinxt., Delaistre sculp.", "Pelée sculp.", retrato de Lamartine, "Girodet pinxit, Gaillard del. et sc.", retrato de Chateaubriand, "Sixdeniers sculpt", retrato de Milton. El resto, incluída la primera, son alegóricas: "Flatters, Mélin, Bernouville [etc.]"
600 14 - PUNTO DE ACCESO ADICIONAL DE MATERIA--NOMBRE DE PERSONA
Nombre de persona Milton, John (
Fechas asociadas al nombre 1608-1674)
9 (RLIN) 81300
700 1# - ENTRADA AGREGADA--NOMBRE PERSONAL
Nombre de persona Escoiquiz, Juan de (
Fechas asociadas al nombre 1762-1820)
9 (RLIN) 47589
700 1# - ENTRADA AGREGADA--NOMBRE PERSONAL
Nombre de persona Lamartine, Alphonse de,
Fechas asociadas al nombre 1790-1869
9 (RLIN) 69776
700 1# - ENTRADA AGREGADA--NOMBRE PERSONAL
Nombre de persona Chateaubriand, François-René,
Títulos y otros términos asociados al nombre vicomte de,
Fechas asociadas al nombre 1768-1848
9 (RLIN) 38177
700 1# - ENTRADA AGREGADA--NOMBRE PERSONAL
Nombre de persona Cortada, Juan (
Fechas asociadas al nombre 1805-1868)
9 (RLIN) 149955
852 ## - LOCALIZACIÓN
Ubicación ES-MaACL
Número de control de estantería B-6726
Nota libre - Enc. tela
Holdings
Estatus retirado Estado de pérdida Estado de daño No para préstamo Colección Biblioteca de origen Biblioteca actual Ubicación en estantería Fecha de adquisición Fuente de adquisición Total de préstamos Signatura topográfica completa Código de barras Visto por última vez Precio de reemplazo Tipo de ítem Koha
        Libros del s. XIX Biblioteca del Ateneo de Madrid Biblioteca del Ateneo de Madrid Sala Pardo Bazán 17/01/2008     B-6726 1167187 23/02/2023 23/02/2023 Libro impreso antiguo